00570nam a22001577a 4500003000400000005001700004008004100021040001100062100003600073245012600109260002800235300001000263942001400273952010800287999001700395OSt20250710171852.0250708b |||||||| |||| 00| 0 eng d cSVYASA aPrattek Soni & Pranab Das91042 aEffect of needling at GB21 (Jianjing) on blood glucose level in healthy volunteers: A randomized placebo controlled trial aBangalurubSvyasac2025 a36 p. 2ddccDn0 00102ddc40708DISaSVYASAbSVYASAcR11.10Ad2025-07-08l0pD1685r2025-07-08 16:08:07w2025-07-08yD c20630d20630